Names That End in 'ING' Quiz Stats

 Plays Quiz Updated Mar 3, 2016

Challenge
Share
Tweet
Embed
Score 0/22 Timer 06:00
0 Plays Today
Hint Answer % Correct
Famous victim of L.A. police brutalityRodney King
73.1%
Good Matt Damon characterWill Hunting
59.6%
A U.S. presidentWarren Harding
58.8%
Creator of James BondIan Fleming
57.7%
His books include A Brief History of Time and The Universe in a NutshellStephen Hawking
57%
Son of Archie, brother of EliPeyton Manning
48.8%
A friend also known as Miss Chanandler BongChandler Bing
47%
Soul singer of '(Sittin' On) the Dock of the Bay'Otis Redding
46.6%
His film credits include Snow Dogs, Pearl Harbor and RadioCuba Gooding Jr.
46.1%
Dr. JJulius Erving
46.1%
Jungle Book authorRudyard Kipling
42.7%
Hint Answer % Correct
Her film credits include I am Sam and War of the WorldsDakota Fanning
41.3%
Nobel Prize in literature winner and author of Lord of the FliesWilliam Golding
31.1%
Famous Dallas shooting victimJ.R. Ewing
25.5%
Gavin Macleod portrayed this characterCaptain Stubing
17.8%
The only U.S. general to be named General of the Armies while aliveJohn Pershing
12.8%
Computer Scientist known for his artificial intelligence 'test'Alan Turing
10.5%
3-time Tony Award winning singer/actress from 'Hello Dolly'Carol Channing
8.8%
Film character, O Captain! My Captain!John Keating
7.3%
The only man to win Nobel Prizes in two different fieldsLinus Pauling
7%
Discoverer of InsulinFrederick Banting
4.7%
His 119 days as PM is the shortest term in UK historyGeorge Canning
1.3%

You're not logged in!

Compare scores with friends on all Sporcle quizzes.
Join for Free
OR
Log In

You Might Also Like...

Show Comments

Extras

Top Quizzes Today


Score Distribution

Your Account Isn't Verified!

In order to create a playlist on Sporcle, you need to verify the email address you used during registration. Go to your Sporcle Settings to finish the process.

Report this User

Report this user for behavior that violates our Community Guidelines.

Details: